01430nam a2200265 a 4500001001000000005001700010008004100027041000800068044000700076084002000083100004500103245011100148260004600259300002200305500031600327500004600643500016700689500006300856500000900919650005200928650005500980650003401035650004501069740005001114BRCA_241820190320203811.0131108s1757----sp-a---###---#000-0#spa-u aspa asp a059b.B37c17571 aCervantes Saavedra, Miguel ded1547-161610aVida y hechos del Ingenioso Cavallero D. Quixote de la Manchaccompuesto por Miguel de Cervantes Saavedra. aTarragona (España)bJoseph Barberc1757 a4 v.bil.c15 cm. aContenido : v 1. Primera parte. Dedicatoria de Cide Hamete Benengeli a D. Quijote. Versos preliminares. Licencia. Tasa. Prólogo del autor. Texto. -- v 2. Licencia de la primera parte y tasa. Texto. -- v 3. Segunda parte. Aprovación. Licencia. Tasa. Prólogo del autor. Texto. -- v 4. Licencia y Tasa. Texto aEdición : Dedicada al mismo Don Quixote aEdición igual al LO-058. Va adornada con las mismas láminas grabadas muy toscamante y de papel e impresión malos. Encuadernada en pergamino Lúdovik Osterc aEstado físico : Encuadernación ligeramente desprendida aQM4514aNovela españolayÉpoca clásica, 1500-170014aLiteratura clásicayÉpoca clásica, 1500-170014aNovela españolaySiglo XVII14aDon Quijote (Personaje ficticio)eNovela0 aEl Ingenioso Hidalgo Don Quijote de la Mancha